00679nam a2200241 a 4500001001300000003000900013005001700022008004100039020001000080082001900090100002100109245002000130260004100150300000900191500003500200505001300235650001900248700002100267902000800288942000700296952011900303999001500422nice12345678IN_TiNIC20260116012037.0050524s1966 hyda grp 000 0 urd  ac10000a297.1226bALI1 aAli, Mir Vilayat aQurani Talimat. aHyderabadbIjaz Printing Pressc1966 a158p aincludes index and biblioraphy2 aAppendix aQuran-Theology1 aAli, Mir Vilayat bSRS cBK 001040708StackRoom-aHMIbHMId2007-08-01g100.00l0o297.1226 ALI1p05631r2007-08-01v100.00w2005-05-24yBK c5400d5400